Proti rozvratníkom a samozvancom protištátna činnosť v ČSSR - Charta ¨77

Podrobná bibliografia
Médium: Článok
Jazyk:slovenčina
Predmet:

MARC

LEADER 00000nab a2200000 a 4500
001 vtls008845134
003 SK-MaSNL
005 20260311231848.0
008 050527 1977 xo | 000 0 slo
015 |a SNBRB1977 
040 |a SNKBUCL  |b slo  |c SNKBUCL  |e AACR2 
041 0 |a slo 
044 |a xo  |c SK 
080 |a 061.234(437)"1977"  |2 2001 
080 |a 94(437)"1977"  |2 2001 
245 0 0 |a Proti rozvratníkom a samozvancom  |b protištátna činnosť v ČSSR - Charta ¨77 
610 2 7 |a Charta 77 (skupina)  |2 snkbucl  |9 87610 
630 0 7 |a Charta 77 (dokument)  |2 snkbucl  |9 206638 
651 7 |a Československo  |2 snkbucl  |9 21376 
773 0 |t Život strany  |g Č. 3. (1977), s. 3-4. 
999 |c 3366672  |d 3368602